00475nam a2200157 a 4500008004100000020001500041050001900056100001900075245006400094260003400158300002000192350000900212650004000221650003800261700001800299120416s1991 ||||||||||||||||| || u a0860035794 aHF 5681.B2 Cas aTurley, Stuart10aCase studies in financial reportingcedited by Peter Taylor aNew YorkbPhillip Allanc1991 axx, 383p. : ill a0.00 0aACCOUNTING--HANDBOOKS, MANUALS, ETC aFINANCIAL REPORTING--CASE STUDIES aTaylor, Peter